Куаутемок, последний властитель Царства ацтеков: роман

গ্রন্থ-পঞ্জীর বিবরন
প্রধান লেখক: Гомес де Авельянеда Г. Гертрудис
অন্যান্য লেখক: Былинкина М. (переводчик), Косульников Б. М. (иллюстратор)
ভাষা:রুশ
প্রকাশিত: Москва, Художественная литература, 1990
বিষয়গুলি:
বিন্যাস: গ্রন্থ
KOHA link:https://koha.lib.tpu.ru/cgi-bin/koha/opac-detail.pl?biblionumber=159260

MARC

LEADER 00000nam0a2200000 4500
001 159260
005 20231031155003.0
010 |a 5280012580 
020 |a RU  |b 90-72173 
035 |a (RuTPU)RU\TPU\book\172724 
090 |a 159260 
100 |a 20090507d1990 m y0rusy5003 ca 
101 1 |a rus  |c spa 
102 |a RU 
105 |a y z 000ay 
200 1 |a Куаутемок, последний властитель Царства ацтеков  |e роман  |f Г. Гомес де Авельянеда  |g пер.с исп., предисл. и примеч. М. Былинкина ; худож. Б. М. Косульников 
210 |a Москва  |c Художественная литература  |d 1990 
215 |a 350 с.  |d 22 см 
600 1 |a Куаутемок 
610 1 |a Ацтеки 
610 1 |a Конкистадоры 
610 1 |a Колонизация Мексики, 16 в. 
610 1 |a исторические романы 
675 |a 86  |z rus 
700 1 |a Гомес де Авельянеда  |b Г.  |g Гертрудис  |4 070 
702 1 |a Былинкина  |b М.  |4 730 
702 1 |a Косульников  |b Б. М.  |4 440 
801 0 |a RU  |b RuMRKP  |c 19950417  |g psbo 
801 1 |a RU  |b 63413507  |c 20090507  |g PSBO 
801 2 |a RU  |b 63413507  |c 20090507  |g PSBO 
942 |c BK